A church without priests? /

Bibliographic Details
Main Author: Duquesne, Jacques, 1930-
Format: Book
Language:English
French
Published: [New York] : Macmillan, [1969]
Subjects:

MARC

Tag First Indicator Second Indicator Subfields
LEADER 00000cam a2200000 4500
001 in00000325721
005 20151010165443.0
008 690512s1969 nyu b 00000 eng
010 |a  69019578  
035 |a (OCoLC)00006350 
035 |9 ABJ9220AM 
040 |a DLC  |c DLC  |d TXA  |d UtOrBLW 
041 1 |a eng  |a fre 
049 |a TXAM  |c [801953] 
050 0 |a BX1912  |b .D8913 
082 0 |a 253 
100 1 |a Duquesne, Jacques,  |d 1930- 
245 1 2 |a A church without priests? /  |c Translated from the French by Bernard Murchland. 
264 1 |a [New York] :  |b Macmillan,  |c [1969] 
300 |a 192 pages ;  |c 22 cm. 
336 |a text  |b txt  |2 rdacontent 
337 |a unmediated  |b n  |2 rdamedia 
338 |a volume  |b nc  |2 rdacarrier 
500 |a Translation of Demain, une Eglise sans pretres? 
504 |a Bibliographical footnotes. 
610 2 0 |a Catholic Church  |x Clergy. 
999 |a MARS 
999 f f |s 01b6862d-f7b6-3286-aec9-9b9c9ace9f1d  |i 27608672-5aae-36c4-8490-4c4fee6d5e0a  |t 0 
952 f f |p ric  |a Texas A&M University  |b Rellis Campus  |c Joint Library Facility  |d Remote Storage  |t 0  |e BX1912 .D8913  |h Library of Congress classification  |i unmediated -- volume  |m A14801815502 
998 f f |a BX1912 .D8913  |t 0  |l Remote Storage